Nalaganje...

Ayyappappanikkarude krithikal /

Bibliografske podrobnosti
Glavni avtor: Ayyappa Panicker, K.
Format: Printed Book
Jezik:Malayalam
Izdano: Thiruvananthapuram : Navadhaara , 1974.
Teme:
LEADER 00457nam a2200145Ia 4500
008 150624b xxu||||| |||| 00| p mal d
999 |c 76472  |d 76472 
100 |a Ayyappa Panicker, K. 
245 |c K. Ayyappa Panicker  |a Ayyappappanikkarude krithikal / 
260 |a Thiruvananthapuram :  |b Navadhaara ,  |c 1974. 
300 |a 208 p. 
546 |a In Malayalam. 
650 |v Poetry 
942 |c BK 
952 |0 1  |1 0  |2 ddc  |4 0  |7 0  |9 76416  |a UL  |b UL  |c ST1  |d 1998-09-15  |l 0  |p 37008  |r 2012-10-27  |y BK